Comparison of European Union Countries Based on Selected Indicators of Poverty and Social Exclusion Using the Scoring Method
Gespeichert in:
| 1. Verfasser: | |
|---|---|
| Format: | Buchkapitel |
| Sprache: | Englisch |
| Schlagworte: | |
| Tags: |
Keine Tags, Fügen Sie das erste Tag hinzu!
|
MARC
| LEADER | 00000naa$a2200000$$$4500 | ||
|---|---|---|---|
| 001 | 0305563 | ||
| 005 | 20250127094451.5 | ||
| 041 | 0 | |a eng | |
| 044 | |a SK | ||
| 245 | 1 | 0 | |a Comparison of European Union Countries Based on Selected Indicators of Poverty and Social Exclusion Using the Scoring Method |c Ľubica Hurbánková |
| 500 | |a Abstrakt | ||
| 610 | 2 | 0 | |a chudoba |
| 610 | 2 | 0 | |a Európska únia |
| 610 | 2 | 0 | |a porovnanie štatistické |
| 100 | 1 | |a Hurbánková, Ľubica, 1980- | |